| 000 | 01028nam a2200241Ii 4500 | ||
|---|---|---|---|
| 003 | JO-AjNU | ||
| 008 | 230605s9999||||xx |||||||||||||| ||und|| | ||
| 017 | _a2007/5164 | ||
| 020 | _a977-5673-65-8 | ||
| 040 |
_aJO-AjNU _bara _erda _cJO-AjNU |
||
| 041 | _aara | ||
| 050 | 1 | 4 | _aHE151.2009 |
| 100 | 3 |
_aفريق من خبراء المنظمة العربية للتنمية الادارية؛ اشراف:عبد القادر فتحي لاشين, _eauthor _932869 |
|
| 245 | 0 | 0 | _aالمفاهيم الحديثة في ادارة خدمات النقل واللوجيستيات |
| 250 | _aط2 | ||
| 264 | 3 | 1 | _aالقاهرة:المنظمة العربية للتنمية الادارية،2009 |
| 300 |
_a432ص _bالببلوغرافية من ص427-432ص |
||
| 336 |
_atext _btxt _2rdacontent |
||
| 337 |
_aunmediated _bn _2rdamedia |
||
| 338 |
_avolume _bnc _2rdacarrier |
||
| 490 | 0 | _aالمنظمة العربية للتنمية الادارية بحوث ودراسات | |
| 650 | 4 |
_aالادارة-خدمات النقل _932870 |
|
| 999 |
_aA13318 _c16886 _d16886 |
||